| 000 | 00534nam a22002057a 4500 | ||
|---|---|---|---|
| 003 | OSt | ||
| 005 | 20180327173005.0 | ||
| 008 | 160927b xxu||||| |||| 00| 0 eng d | ||
| 020 | _a0521422558 | ||
| 040 | _cDDC. | ||
| 082 | _aWL102K522n 1993 | ||
| 100 |
_aKeynes,R.D; Aidley,D.J; _911112 |
||
| 245 | _aNerve & Muscle: | ||
| 250 | _a2nd ed | ||
| 260 |
_bCambridge University Press, _c1993. |
||
| 300 |
_aviii,181p; _bill; _c20cm. |
||
| 504 | _areferences and index are included. | ||
| 650 |
_aMuscles. _910904 |
||
| 942 |
_2z _cO_SHELF |
||
| 999 |
_c5285 _d5285 |
||